Statistiques concernant Drapeaux de l'Europe avec trois bandes

Cliquez ici pour prendre le quiz!

Statistiques générales

  • Ce quiz a été pris 7,517 fois
  • Le résultat moyen est 13 sur 15

Statistiques - réponses

pays % Correct
France
100%
Italie
99%
Belgique
97%
Allemagne
95%
Irlande
93%
Pays-Bas
87%
Roumanie
87%
Russie
86%
Estonie
79%
Luxembourg
79%
Autriche
77%
Lettonie
73%
Bulgarie
71%
Lituanie
68%
Hongrie
66%

Distribution des résultats

Percentile par nombre de réponses

% des personnes avec chaque résultat

Votre développement - résultats

Vous n’avez pas pris ce quiz